| 000 | 00331nam a2200121Ia 4500 | ||
|---|---|---|---|
| 008 | 230907s9999||||xx |||||||||||||| ||und|| | ||
| 082 |
_a690.0684 _bGOO |
||
| 100 |
_aGoodhew, Steve, _9115720 |
||
| 245 | 0 | _aSustainable construction processes : | |
| 300 | _avii, 342 pages : | ||
| 650 |
_aTextbooks. Textbooks. _9115440 |
||
| 942 | _cBK | ||
| 999 |
_c599233 _d599233 |
||